| 000 | 00438nam a22001697a 4500 | ||
|---|---|---|---|
| 999 |
_c10491 _d10491 |
||
| 003 | OSt | ||
| 008 | 210223b ||||| |||| 00| 0 eng d | ||
| 020 | _a9788129145659 | ||
| 082 | _a796.358092 PRH | ||
| 100 | _aPRABHUDESAI, Devendra | ||
| 245 | _aHero : A Biography of Sachin Ramesh Tendulkar | ||
| 250 | _a1st Imp. | ||
| 260 |
_aNew Delhi _bRupa Publication _c2017 |
||
| 300 | _a496 | ||
| 650 | _aGeneral Books | ||
| 942 |
_2ddc _cBK _01 |
||